Flags of Separatist Movements in Iraq - Statistics

General Stats
  • This quiz has been taken 19 times
  • The average score is 3 of 6
Answer Stats
Picture Hint Answer % Correct
Ancient empire Assyria
100%
Largest ethnic group without a country Kurdistan
100%
Cultural capital is Kirkuk Türkmeneli
29%
Homeland for Shi'a Muslims Al-Rafidain
14%
Home to a Kurdish-speaking ethnoreligious group Ezidkhan
14%
Westernmost region Sunni Triangle
14%
No matching quizzes found
Score Distribution
Percent of People with Each Score
Percentile by Number Answered
Your Score History
You have not taken this quiz